|
|
|
|
| LEADER |
00875nam a2200277 4500 |
| 001 |
DLU090079089 |
| 005 |
##20090608 |
| 040 |
# |
# |
|a DLU
|b eng
|
| 041 |
# |
# |
|a eng
|
| 044 |
# |
# |
|a JP
|
| 100 |
# |
# |
|a Souplet, Philippe.
|
| 245 |
# |
# |
|a Optimal condition for non-simultaneous blow-up in a reaction-diffusion system /
|c Philippe Souplet, Slim Tayachi.
|
| 653 |
# |
# |
|a Blow-up rate
|
| 653 |
# |
# |
|a Reaction-diffusion systems
|
| 653 |
# |
# |
|a Semilinear parabolic systems
|
| 700 |
# |
# |
|a Tayachi, Slim.
|
| 773 |
# |
# |
|t Journal of the Mathematical Society of Japan
|g Vol. 56, no. 2 (April 2004), p. 571-584
|
| 920 |
# |
# |
|a Phòng Tạp chí -- Trung tâm Thông tin - Thư viện Trường Đại học Đà Lạt
|
| 994 |
# |
# |
|a DLU
|
| 900 |
# |
# |
|a True
|
| 911 |
# |
# |
|a Trương Bảo Trâm Anh
|
| 925 |
# |
# |
|a G
|
| 926 |
# |
# |
|a A
|
| 927 |
# |
# |
|a BB
|
| 980 |
# |
# |
|a Thư viện Trường Đại học Đà Lạt
|